000 01059nam a2200229 a 4500
001 78645
003 BD-RjUL
005 20211209083145.0
008 211026s1935 xxk||||| |||| 00| 0 ara d
035 _a(BD-RjUL)
040 _aBD-RjUL
_beng
_cBD-RjUL
041 _aeng/ara
082 _223
_a297.12209
_bMUK 1935
100 _a ما طز, عبدالله إبن ;; mu' taz, Abduallh Ibn
_9249360
245 1 0 _aكتاب البديع لعبد الله بن المعتز = kitab al-badi of Abduallh Ibn al-mu' taz
_c Abduallh Ibn al-mu' taz; ا وتعليق المقدمة والفهارس عليه اغناطيوس كراتشوفسكى كراتشقوفسكى, اغناطيو= edited by Ignatius Kratchkovsky
260 _aLondon :
_bMessrs. Luzac ,
_c1935
300 _axxii, 31 , 142 p. ;
_c22 cm
650 _aQurʼan
_v Language, style
_y Early works to 1800.
_9249361
650 _aQurʼan
_vCriticism,
_xTextual
_y Early works to 1800.
_9249362
650 _aQurʼan .
_vCriticism, interpretation, etc.
_y Early works to 1800
_9249363
942 _2ddc
_cBK
999 _c78645
_d78645